000 00572nam a2200181 i 4500
001 64187
003 ES-MaACL
005 20230906165050.0
007 t|
008 031222s1971 sp ||||1| spa d
100 1 _aFleury, E.
_951199
245 1 0 _aMorfología histórica de la lengua griega /
_cE. Fleuri ; traducción Cándido Flores Sellés.
260 _aBarcelona :
_bBosch,
_c1971.
300 _a275 p. ;
_c22 cm.
650 4 _aLengua griega-
_xGramática histórica.
_9143231
700 1 _aFlores Sellés, Cándido.
_951299
852 _aES-MaACL
_jC-38516
_bR.76837
999 _c64187
_d64187